000 00389nam a2200157Ia 4500
003 Ost
005 20260225132557.0
008 260225s9999||||xx |||||||||||||| ||und||
040 _cfsic
041 _afre
082 _a302.23
100 _aL.Goussot
_eAuteur
245 0 _ales système de télévisions en ondes métriques et décimétriques /
245 0 _cL.Goussot
942 _cكتاب
999 _c34524
_d34524